Sacharja /

Další autoři: Brunner, Robert
Jazyk: Němčina
Vydáno: Zürich : Zwingli, 1960
Edice: Zürcher Bibelkommentare
Témata:
Fyzický popis: viii, 175 s.
Knihy
Uloženo v:
LEADER 01026nam a22003132a 4500
001 001514778
003 CZ BrMZK
005 20160310103159.0
007 ta
008 160307s1960 sz fr|||||||||||ger d
040 |a ABD027  |b cze  |c ABD027  |d ABD027  |d BOA001 
072 7 |a 2-23/-27  |x Bible. Biblistika  |2 Konspekt  |9 5 
080 |a 27-277.2  |2 MRF 
080 |a 274/278-1/-9  |2 MRF 
080 |a (0.072)  |2 MRF 
245 0 0 |a Sacharja /  |c ausgelegt von Robert Brunner 
260 |a Zürich :  |b Zwingli,  |c 1960 
300 |a viii, 175 s. 
490 1 |a Zürcher Bibelkommentare 
630 0 7 |a Bible.  |p Zacharjáš  |7 unn2008509043  |2 czenas 
650 0 7 |a biblická exegeze  |7 ph118844  |2 czenas 
650 0 7 |a protestantské učení  |7 ph307587  |2 czenas 
655 7 |a komentáře  |7 fd132578  |2 czenas 
700 1 |a Brunner, Robert  |4 edt 
830 0 |a Zürcher Bibelkommentare 
910 |a BOA001  |b M1-1363.752 
990 |a BK 
991 |b 201603  |c NOV 
996 7 |b 2610661545  |c M1-1363.752  |l MZK  |r Sklad / do 24 hodin  |n 0  |p dar  |w 001550127  |u 000010  |a 1  |e BOA001  |j MZK50  |s A